Random divison - Statistics

General Stats
  • This quiz has been taken 19 times
  • The average score is 8 of 9
Answer Stats
Question Answer % Correct
78÷13 6
100%
52÷4 13
94%
100÷4 25
94%
90÷30 3
94%
96÷32 3
94%
60÷15 4
94%
42÷7 6
94%
85÷17 5
89%
126÷21 6
89%
No matching quizzes found
Score Distribution
Percent of People with Each Score
Percentile by Number Answered
Your Score History
You have not taken this quiz